All Countries by Average Male Height - Statistics

General Stats
  • This quiz has been taken 499 times
  • The average score is 64 of 191
Answers on the Map
Answers color-coded by a green-red scale on the quiz's map according to % correct below.
 
Answer Stats
Average Height Hint Answer % Correct
183.8 N Netherlands
98%
182.8 E Estonia
81%
181.9 D Denmark
80%
182.1 I Iceland
78%
181.2 L Latvia
76%
180.6 F Finland
74%
180.5 N Norway
74%
180.5 S Sweden
74%
180.7 L Lithuania
73%
183.3 M Montenegro
73%
181 U Ukraine
73%
181.2 C Czech Republic
72%
182.5 B Bosnia and Herzegovina
71%
180.3 G Germany
71%
180.7 P Poland
71%
180.8 C Croatia
70%
181 S Slovakia
70%
181 S Slovenia
70%
179 I Ireland
68%
180.7 S Serbia
68%
179.1 B Belgium
67%
179.5 K Kosovo
67%
179.3 G Greece
64%
178.2 U United Kingdom
63%
178.7 C Canada
62%
178.8 A Andorra
61%
178.6 F France
61%
178.8 A Australia
60%
178.7 B Belarus
60%
176.9 U United States
60%
178.5 A Austria
59%
176.6 H Hungary
59%
180.2 D Dominica
58%
177.8 R Romania
58%
177 J Jamaica
57%
176.6 R Russia
57%
178.5 L Luxembourg
55%
178.7 S Switzerland
55%
178.8 A Antigua and Barbuda
52%
177.7 N New Zealand
52%
178.7 G Grenada
50%
179 L Lebanon
50%
176.4 N North Macedonia
50%
173.3 Q Qatar
49%
176.1 S Spain
49%
176.4 T Turkey
49%
177 B Barbados
46%
176.4 L Libya
45%
176.4 M Morocco
45%
176.9 T Tunisia
45%
175.5 K Kazakhstan
44%
177.5 S Saint Vincent and the Grenadines
44%
164.4 Y Yemen
44%
175.6 I Iran
43%
176 I Israel
43%
174.8 J Jordan
43%
175.6 M Moldova
43%
172.1 J Japan
42%
176 G Georgia
41%
174.4 I Italy
41%
173.5 V Venezuela
41%
170.7 Z Zimbabwe
41%
176.4 S Saint Lucia
40%
171.7 O Oman
39%
174.4 P Portugal
39%
175.7 B Brazil
38%
167.6 Z Zambia
37%
174.2 B Bulgaria
36%
174.1 U United Arab Emirates
36%
174.3 U Uruguay
36%
175.7 C China
35%
174.6 D Dominican Republic
35%
174 F Fiji
35%
172.2 H Haiti
35%
176 T Trinidad and Tobago
35%
174.1 A Albania
34%
175 A Algeria
34%
174.8 A Argentina
34%
174.6 E Egypt
34%
173.8 I Iraq
34%
175 K Kuwait
33%
168.9 V Vietnam
32%
174 A Azerbaijan
31%
160.1 E East Timor
31%
176.3 C Cape Verde
30%
162.8 L Laos
30%
168.3 V Vanuatu
30%
171.7 K Kyrgyzstan
29%
176.2 S Senegal
29%
173.7 A Armenia
28%
170.9 U Uzbekistan
28%
174.4 B Bahamas
27%
169.6 H Honduras
27%
172.9 C Chile
26%
169.6 F Federated States of Micronesia
26%
166.5 I India
26%
174.4 M Malta
26%
173.8 P Paraguay
26%
175.5 S South Korea
26%
175.1 T Tonga
26%
171.9 C Colombia
24%
173.6 C Cuba
24%
166.3 I Indonesia
24%
166 R Rwanda
24%
168.7 U Uganda
24%
172.7 C Cyprus
23%
174.4 T Turkmenistan
23%
174 C Costa Rica
22%
170.8 D Djibouti
22%
172.2 G Guyana
22%
170.5 K Kenya
22%
175 M Mali
22%
174.7 N North Korea
22%
163.1 P Papua New Guinea
22%
165.2 P Philippines
22%
171.2 R Republic of the Congo
22%
165.1 B Bangladesh
21%
165.3 C Cambodia
21%
168.6 D Democratic Republic of the Congo
21%
170.1 K Kiribati
21%
175.9 S Seychelles
21%
170.6 E Eritrea
20%
164.4 G Guatemala
20%
173.7 S Saint Kitts and Nevis
20%
173.5 T Taiwan
20%
171.6 T Thailand
20%
173.2 B Botswana
19%
164.4 N Nepal
19%
170.6 P Palau
19%
167.3 E Ecuador
18%
168.8 E Ethiopia
18%
168.2 I Ivory Coast
18%
167.3 P Pakistan
18%
172.1 S Sudan
18%
168.5 A Afghanistan
17%
172.8 B Bahrain
17%
168.1 B Bolivia
17%
171.8 C Chad
17%
170.7 E El Salvador
17%
168.2 G Guinea-Bissau
17%
169.2 M Malaysia
17%
166.7 M Myanmar
17%
169.6 N Nauru
17%
171.6 N Nigeria
17%
166.8 P Peru
17%
173.5 S Singapore
17%
174.5 S Suriname
17%
168.5 A Angola
16%
171.9 B Burkina Faso
16%
170.7 G Guinea
16%
173 M Mauritius
16%
170.3 M Mexico
16%
170.7 M Mongolia
16%
174.4 S Samoa
16%
163.1 S Solomon Islands
16%
167 B Bhutan
15%
167.3 B Burundi
15%
172.1 C Cameroon
15%
170.3 N Niger
15%
170.2 P Panama
15%
171.6 S Syria
15%
166.3 B Brunei
14%
168.2 E Equatorial Guinea
14%
170.3 G Ghana
14%
169.9 N Nicaragua
14%
170.5 B Belize
13%
169 C Central African Republic
13%
170.5 G Gabon
13%
168.4 G Gambia
13%
165.5 L Liberia
13%
168.1 S Sri Lanka
13%
168.4 T Tajikistan
13%
167 T Tanzania
13%
170.1 T Togo
13%
171.3 T Tuvalu
13%
168.4 B Benin
12%
167.9 L Lesotho
12%
165.3 M Marshall Islands
12%
169.7 N Namibia
12%
169.4 E Eswatini
11%
165.2 M Madagascar
11%
165.7 M Malawi
11%
167.9 M Maldives
11%
164.3 M Mozambique
11%
171.2 S Somalia
11%
167.7 C Comoros
10%
165.5 M Mauritania
10%
170.7 S Saudi Arabia
10%
169.6 S South Africa
10%
170.4 S São Tomé and Príncipe
8%
166.4 S Sierra Leone
8%
No matching quizzes found
Score Distribution
Percent of People with Each Score
Percentile by Number Answered
Your Score History
You have not taken this quiz